000 00727nam a2200229Ia 4500
001 9003
003 GE_BSU
008 181216s||||||||xx |||||||||||||| ||und||
040 _cGE_BSU
080 _a821.353.1–32+821.353.1-31
100 _aკლდიაშვილი,სერგო
245 _aმოთხრობები.რომანები
245 _bმოთხრობები
245 _cრედ.ნ.ხომერიკი.მხატვ.მ.კუხაშვილი
260 _aთბილისი
260 _bმერანი
260 _c1985
300 _a737გვ.22სმ.
653 _aმოთხრობები
653 _aრომანი
942 _cBK
999 _c42308
_d42308